Cities by Clue A-Z - Statistics

General Stats
  • This quiz has been taken 33 times
  • The average score is 38 of 52
Answer Stats
Hint City % Correct
C) Often referred to as the"windy city" Chicago
100%
D) Aka the Mile High City Denver
97%
F) Financial capital of Germany Frankfurt
97%
N) Aka the Big Apple New York City
97%
A) The birthplace ofmodern democracy Athens
93%
B) Aka Beantown, the largestcity in New England Boston
93%
E) Historic capital of Scotland Edinburgh
93%
O) Home to Disney World Orlando
93%
L) Home to Hollywood and Beverly Hills Los Angeles
90%
N) Closest major city to Mt Vesuvius Naples
90%
P) Eiffel Tower, Louvre, Catacombs Paris
90%
Q) Ecuadorian city on the Equator Quito
90%
A) Has the worlds busiestairport, Hartsfield-Jackson Atlanta
87%
M) 2nd largest city in Australia Melbourne
87%
M) Was built on the Aztec capital ofTenochtitlan Mexico City
87%
W) The southernmost capital on Earth Wellington
87%
F) Neighbor city of Dallas Fort Worth
83%
H) Elbe river city and Germanyssecond largest Hamburg
83%
H) Camila Cabello wrote a hit songabout this capital Havana
83%
L) Founded by conquistador FranciscoPizarro in 1535 Lima
83%
R) Was once the capital of theConfederate States of America Richmond
83%
S) Home to a famous opera houseon the harbor Sydney
83%
Z) Largest city in Switzerland Zurich
83%
J) Was once the Dutch trading cityof Batavia Jakarta
80%
B) Where the Titanic was built Belfast
77%
I) Alpine city that hosted the Olympicsin 1964 and 1976 Innsbruck
77%
J) Northeast Florida city home tothe Jaguars Jacksonville
77%
S) Home to the Alamo San Antonio
77%
X) Qin Shi Huang and his terracotta warriors were unearthed here Xian
77%
E) Home to the Oilers of the NHL Edmonton
73%
I) Often called the "capital" of theScottish highlands Inverness
73%
U) Often cited as the coldest capitalon Earth Ulaanbaatar
73%
V) Capital of Liechtenstein Vaduz
73%
G) Chinese megacity on thePearl river Guangzhou
70%
U) Medieval Dutch city lined withcanals Utrecht
70%
K) City where Mother Theresa spenther pilgrimage Kolkata
67%
T) 2nd largest city in Greece Thessaloniki
67%
V) This Italian city was the inspirationsetting for Romeo and Juliet Verona
67%
Y) Walled city in England foundedby the Romans York
63%
C) Sits on the island of Zealand Copenhagen
60%
W) Burned by the British during theWar of 1812 Washington DC
60%
O) Home to the Thunder of the NBA Oklahoma City
50%
P) Was called Titograd during the daysof Yugoslavia Podgorica
47%
R) Home to Hallgrimskirkja church Reykjavik
47%
X) Chinese port city on the Strait ofTaiwan Xiamen
47%
K) 2nd largest city in Lithuania Kaunas
40%
Q) Ancient Iranian city home to theshrine of Fatima Qom
40%
Y) Founded in 782 BC, it is one of theoldest inhabited capitals Yerevan
37%
T) Largest settlement on the Faroeislands Torshavn
33%
G) Sits on the Notwaneand Segoditshane River confluence Gaborone
27%
Z) Historic Roman ruins line this Croatiancoast city Zadar
27%
D) Translates to "monday" inits native language Dushanbe
23%
No matching quizzes found
Score Distribution
Percent of People with Each Score
Percentile by Number Answered
Your Score History
You have not taken this quiz